000 00738nam a2200265 a 4500
003 AR-BaBNM
005 20251128204257.0
008 082120s2002 ||||||||||||||000 | spa||
040 _cAR-BaBNM
100 1 _aBecco, Horacio Jorge
245 0 0 _aFuentes para el estudio de la literatura argentina
260 _aBuenos Aires
_bCentro Editor de América Latina
_c1968
300 _a62 p.
490 0 _aEnciclopedia de la literatura argentina
_vv. 1
650 4 _aLITERATURA ARGENTINA
650 4 _aCRITICA LITERARIA
650 4 _aHISTORIA LITERARIA
650 4 _aESCRITORES
650 4 _aANALISIS LITERARIO
650 4 _aANTOLOGIAS
653 _aREVISTAS LITERARIAS
655 _aLITERATURA
942 _cBK
998 _cMARTIN
999 _c6831
_d6831